00548nam a2200181 a 45000010010000000030011000100080041000210350026000620820014000881000023001022450034001252600047001596500023002069420012002299520090002419980020003319990015003510000-9313ELIB.Books110520 1978  a(ELIB.Books)0000-9465 a820 bFry aFrydlend, Rachmiel aWhen being Jewish was a crime bNashville: Thomas Nelson Publishers c1978 aEnglish Literature 2ddccBK 00102ddc4070aKBTSbKBTSd2011-05-20l0p2638r2022-01-22 00:00:00w2022-01-22yBK cbate2011-05-20 c9313d9313